[Event "BCF-chT3Nb 1516 (4NCL)"]
[Site "England"]
[Date "2016.03.19"]
[Round "7.109"]
[White "White, Stuart A"]
[Black "Wright, Nicholas PA"]
[Result "1-0"]
[WhiteElo "2014"]
[BlackElo "1547"]
[PlyCount "47"]
[EventDate "2015.11.14"]
[EventType "team-swiss"]
[EventRounds "7"]
[EventCountry "ENG"]
[SourceTitle "EXT 2017"]
[Source "ChessBase"]
[SourceDate "2016.10.25"]
[SourceVersion "1"]
[SourceVersionDate "2016.10.25"]
[SourceQuality "1"]
[WhiteTeam "Alba"]
[BlackTeam "Cheddleton III"]
[WhiteTeamCountry "ENG"]
[BlackTeamCountry "ENG"]

1. d4 d5 2. c4 Nf6 3. cxd5 Nxd5 4. Nf3 e6 5. e4 Nf6 6. Nc3 Be7 7. Bc4 c6 8. 0-0 0-0 9. Qe2 Nbd7 10. Bf4 Nb6 11. Bb3 Ne8 12. Rfd1 Bd6 13. Bg5 Be7 14. Bf4 Bd6 15. Bg5 Be7 16. Bxe7 Qxe7 17. Rac1 Bd7 18. Ne5 Nc7 19. Rd3 f6 20. Nxd7 Nxd7 21. Qg4 Kh8 22. Re1 Rad8 23. Rh3 Rg8 24. Rxh7+ 1-0